000 01482cam a22002775a 4500
001 L141805
008 110524s2004 xxk f 000 0 eng d
020 _a9781405172066
035 _a(Sirsi) u153028
041 0 _aeng
100 1 _aRiches, John L.
245 0 0 _aConstruction adjudication
_h[electronic resource]
260 _aOxford
_bBlackwells
_c2004
300 _aeBook
505 2 _aPart I: statutory adjudication -- Part II: other forms of adjudication -- Part III: the adjudicator's jurisdiction -- Part IV: enforcement -- Part V: a practical guide to adjudication -- Part VI: the future
520 _aCovers the Housing Grants, Construction and Regeneration Act 1996; other types of adjudication such as the contractual adjudication procedures set out in standard forms of contracts; issues of fairness and natural justice, and enforcement. Also offers a practical guide to the adjudication process. Includes a table of cases and table of legislation, treaties and conventions.
521 _aAdvanced
590 _aKA
650 2 4 _aHOUSING GRANTS, CONSTRUCTION AND REGENERATION ACT 1996
650 2 4 _aEBOOK
651 4 _aEngland and Wales
_y1543-
690 _aMANAGEMENT-DISPUTE AVOIDANCE, MANAGEMENT AND RESOLUTION-DISPUTE MANAGEMENT AND RESOLUTION-ALTERNATIVE DISPUTE RESOLUTION-ADJUDICATION
710 _aDancaster, Christopher
856 4 0 _uhttps://www.vlebooks.com/
_zView on VLEbooks. Logins for members only from [email protected]
942 _n0
999 _c112339
_d112339